[Event "Cappelle-la-Grande Open 2014"]
[Site "Cappelle-la-Grande FRA"]
[Date "2014.03.08"]
[Round "9.42"]
[White "Chernyshov, Konstantin"]
[Black "Kalinina, Olga"]
[Result "1-0"]
[WhiteTitle "GM"]
[BlackTitle "WGM"]
[WhiteElo "2504"]
[BlackElo "2303"]
[WhiteFideId "4117328"]
[BlackFideId "14117258"]
[EventDate "2014.03.01"]

1. c4 e5 2. Nc3 d6 3. d4 exd4 4. Qxd4 Nc6 5. Qd2 Be6 6. b3 Nf6 7. e4 a5 8. a4
Nxe4 9. Nxe4 d5 10. cxd5 Bb4 11. Nc3 Qf6 12. Bb2 O-O-O 13. Bc4 Bxd5 14. Bxd5 Nd4
15. Nge2 Rxd5 16. Nxd4 Re8+ 17. Kf1 Rxd4 18. Qc2 Qc6 19. h4 Red8 20. Rh3 Rd2 21.
Qf5+ Kb8 22. Rb1 g6 23. Qb5 Rxf2+ 24. Kxf2 Bc5+ 25. Kf1 Qf6+ 26. Rf3 Qd4 27. Rd1
Qg1+ 28. Ke2 Qxg2+ 29. Ke1 Qh1+ 30. Qf1 Qxh4+ 31. Rf2 Re8+ 32. Ne2 Qb4+ 33. Rd2
Qh4 34. Bf6 Qb4 35. Rf3 Re6 36. Rd3 Ka7 37. Kd1 b6 38. Qf3 Bd6 39. Nd4 1-0

[Event "Cappelle-la-Grande Open 2014"]
[Site "Cappelle-la-Grande FRA"]
[Date "2014.03.08"]
[Round "9.46"]
[White "Barbosa, Evandro Amorim"]
[Black "Decoster, Frederic"]
[Result "1-0"]
[WhiteTitle "IM"]
[BlackTitle "FM"]
[WhiteElo "2459"]
[BlackElo "2300"]
[WhiteFideId "2115824"]
[BlackFideId "204269"]
[EventDate "2014.03.01"]

1. e4 c5 2. Nf3 d6 3. Bb5+ Nd7 4. d4 Nf6 5. O-O cxd4 6. Qxd4 e5 7. Qd3 h6 8. c4
Be7 9. Nc3 O-O 10. Bxd7 Bxd7 11. Rd1 Qb8 12. a4 a5 13. b3 Rd8 14. Ba3 Be6 15.
Nd2 Nd7 16. Nf1 Ra6 17. Ne3 Rc6 18. Ned5 Bf8 19. Qe3 Re8 20. Rd2 g6 21. Rad1 Kg7
22. Nb5 b6 23. g3 Nc5 24. Bb2 f6 25. f4 Bxd5 26. Rxd5 exf4 27. Qxf4 Qd8 28. Nxd6
Bxd6 29. Rxd6 Rxd6 30. Rxd6 1-0